[Event "Sant Adria de Besos op-B 5th"]
[Site "Sant Adria de Besos"]
[Date "2023.08.14"]
[Round "5"]
[White "Jimenez Haneda, Naoki"]
[Black "Munoz Prior, Marcelo"]
[Result "0-1"]
[WhiteElo "1412"]
[BlackElo "1494"]
[PlyCount "58"]
[EventDate "2023.08.11"]
[EventType "swiss"]
[EventRounds "9"]
[EventCountry "ESP"]
[SourceTitle "EXT 2024"]
[Source "ChessBase"]
[SourceDate "2023.10.10"]
[SourceVersion "1"]
[SourceVersionDate "2023.10.10"]
[SourceQuality "1"]

1. e4 c5 2. Nc3 g6 3. f4 Bg7 4. Nf3 Nc6 5. Bb5 d6 6. Bxc6+ bxc6 7. 0-0 Nh6 8. d3 Rb8 9. Qe1 Ng4 10. Kh1 0-0 11. h3 Nf6 12. Qh4 e5 13. fxe5 Nh5 14. Bg5 f6 15. exf6 Bxf6 16. Bxf6 Rxf6 17. b3 Bd7 18. Kg1 Qf8 19. e5 Rf4 20. Qe1 Re8 21. Kh2 Qg7 22. Ne4 Ref8 23. Nxd6 Qe7 24. Qc3 Bxh3 25. Kxh3 Qe6+ 26. Kh2 Qg4 27. Nd2 Qg3+ 28. Kh1 Rh4+ 29. Kg1 Qh2# 0-1

[Event "ESP-ch U10"]
[Site "Salobrena"]
[Date "2023.07.07"]
[Round "8"]
[White "Jimenez Haneda, Naoki"]
[Black "De Pablos Vicente, Angel"]
[Result "1-0"]
[WhiteElo "1466"]
[BlackElo "1288"]
[PlyCount "141"]
[EventDate "2023.07.03"]
[EventType "swiss"]
[EventRounds "9"]
[EventCountry "ESP"]
[SourceTitle "EXT 2024"]
[Source "ChessBase"]
[SourceDate "2023.10.10"]
[SourceVersion "1"]
[SourceVersionDate "2023.10.10"]
[SourceQuality "1"]

1. e4 c5 2. Nc3 e6 3. f4 d5 4. Bb5+ Nc6 5. Qe2 d4 6. Nd1 a6 7. Bxc6+ bxc6 8. d3 Bd6 9. Nf3 Ne7 10. Nf2 0-0 11. 0-0 f5 12. e5 Bc7 13. c4 Ng6 14. g3 h6 15. b3 Ba5 16. Bd2 Bb4 17. Bxb4 cxb4 18. c5 Rf7 19. Qb2 Rd7 20. Nd2 Ne7 21. Nc4 Rb8 22. Nd6 Qa5 23. Qxd4 Bb7 24. Qc4 Nd5 25. Nd1 Rbd8 26. Re1 Qc7 27. Ne3 a5 28. d4 Ra8 29. Nxd5 cxd5 30. Qe2 g6 31. Rec1 Bc6 32. Qg2 Kg7 33. Qh3 Rh8 34. a3 g5 35. Qh5 gxf4 36. Ne8+ Rxe8 37. Qxe8 Rf7 38. Qxe6 fxg3 39. hxg3 Qd7 40. Qxd7 Rxd7 41. axb4 axb4 42. Ra6 Bb5 43. Rd6 Rxd6 44. exd6 Kf7 45. c6 Ke6 46. c7 Bd7 47. c8Q Bxc8 48. Rxc8 Kxd6 49. Rh8 Kc6 50. Rxh6+ Kb5 51. Rh5 f4 52. Rxd5+ Kc6 53. Rc5+ Kd6 54. Re5 fxg3 55. Kg2 Kc6 56. Kxg3 Kb6 57. Kf3 Ka6 58. Ke3 Kb6 59. Kd3 Kc6 60. Kc4 Kb6 61. Kxb4 Kc6 62. Rc5+ Kd6 63. Kc4 Ke6 64. b4 Kf6 65. b5 Ke6 66. b6 Ke7 67. b7 Kd7 68. b8Q Ke6 69. Qb6+ Kd7 70. Rc7+ Kd8 71. Qb8# 1-0

[Event "ESP-ch U10"]
[Site "Salobrena"]
[Date "2023.07.03"]
[Round "1"]
[White "Jimenez Haneda, Naoki"]
[Black "Pabon Hermann, Anna"]
[Result "0-1"]
[WhiteElo "1466"]
[BlackElo "1111"]
[PlyCount "136"]
[EventDate "2023.07.03"]
[EventType "swiss"]
[EventRounds "9"]
[EventCountry "ESP"]
[SourceTitle "EXT 2024"]
[Source "ChessBase"]
[SourceDate "2023.10.10"]
[SourceVersion "1"]
[SourceVersionDate "2023.10.10"]
[SourceQuality "1"]

1. e4 c5 2. Nc3 Nc6 3. Bb5 d6 4. Bxc6+ bxc6 5. f4 e6 6. Nf3 f6 7. e5 d5 8. d3 g6 9. exf6 Nxf6 10. Ne5 Bd7 11. 0-0 Bg7 12. Na4 Qa5 13. b3 Qb4 14. c3 Qb5 15. Ba3 Bf8 16. Qe2 c4 17. bxc4 Qxa4 18. Bxf8 Rxf8 19. Rfe1 c5 20. cxd5 Nxd5 21. Nxd7 Qxd7 22. g3 Nxc3 23. Qd2 Qd4+ 24. Kh1 Rf6 25. Rac1 Qd5+ 26. Kg1 Nxa2 27. Rc4 Nb4 28. Re5 Qxd3 29. Qxd3 Nxd3 30. Re3 Nb4 31. Rxc5 Rd8 32. Rb3 Nd5 33. Rb7 Rf7 34. Rb1 Ne3 35. Re5 Rd1+ 36. Rxd1 Nxd1 37. Rxe6+ Re7 38. Rd6 Ne3 39. Kf2 Ng4+ 40. Kg2 Rb7 41. h3 Ne3+ 42. Kf3 Nf5 43. Rd3 Rb3 44. Rxb3 Nd4+ 45. Ke4 Nxb3 46. Kd3 a5 47. Kc3 a4 48. Kb4 Nd4 49. Kxa4 Ne2 50. g4 Nxf4 51. h4 Ke7 52. Kb4 Ke6 53. Kc4 Ke5 54. g5 Ng2 55. h5 gxh5 56. Kd3 Kf4 57. Ke2 Kg3 58. Kf1 Ne3+ 59. Kg1 h4 60. Kh1 Ng4 61. Kg1 h3 62. Kh1 Nf2+ 63. Kg1 h2+ 64. Kf1 h1Q+ 65. Ke2 Qf3+ 66. Kd2 Qd3+ 67. Kc1 Qc3+ 68. Kb1 Nd3 0-1

[Event "ESP-ch U10 Rapid"]
[Site "Salobrena"]
[Date "2022.07.10"]
[Round "5"]
[White "Villa Peiro, Joan"]
[Black "Jimenez Haneda, Naoki"]
[Result "1-0"]
[WhiteElo "1170"]
[BlackElo "1294"]
[PlyCount "125"]
[EventDate "2022.07.09"]
[EventType "swiss (rapid)"]
[EventRounds "9"]
[EventCountry "ESP"]
[SourceTitle "EXT 2023"]
[Source "ChessBase"]
[SourceDate "2022.10.05"]
[SourceVersion "1"]
[SourceVersionDate "2022.10.05"]
[SourceQuality "1"]

1. e4 d5 2. exd5 Nf6 3. Bb5+ Bd7 4. Be2 Nxd5 5. d4 Nc6 6. c4 Nf6 7. Nf3 e6 8. Nc3 Bb4 9. a3 Bxc3+ 10. bxc3 0-0 11. 0-0 Re8 12. h3 Qe7 13. Be3 Rad8 14. Qc2 e5 15. d5 e4 16. dxc6 exf3 17. cxd7 fxe2 18. dxe8Q+ Rxe8 19. Rfe1 Qe6 20. Rxe2 Qxc4 21. Rae1 Nd5 22. Bd4 Rxe2 23. Qxe2 Qxe2 24. Rxe2 h6 25. c4 Nf4 26. Re7 Ne6 27. Bxa7 b6 28. Bb8 c5 29. Rb7 Nd4 30. Rxb6 Ne2+ 31. Kf1 Nc3 32. Be5 Ne4 33. a4 Kf8 34. a5 Ke7 35. a6 Kd7 36. a7 Nd2+ 37. Ke2 Nxc4 38. Rb7+ Kc6 39. a8Q Nxe5 40. Re7+ Kd6 41. Rxe5 Kxe5 42. Qa5 Kd5 43. Qb6 c4 44. Qb2 Kc5 45. Qc3 Kb5 46. Ke3 Kc5 47. f4 f6 48. f5 h5 49. h4 Kd5 50. Qa5+ Kd6 51. Kd4 Kc6 52. Kxc4 Kd7 53. Qb6 Ke8 54. Qc7 Kf8 55. Qd7 Kg8 56. Qe7 Kh7 57. Kd5 Kh6 58. Qf7 Kh7 59. Qg6+ Kg8 60. Qxh5 Kf8 61. Ke6 Kg8 62. g4 Kf8 63. Qf7# 1-0

[Event "ESP-ch U10"]
[Site "Salobrena"]
[Date "2022.07.06"]
[Round "5"]
[White "Fernandez Cruz, Danilo"]
[Black "Jimenez Haneda, Naoki"]
[Result "1-0"]
[WhiteElo "1081"]
[BlackElo "1294"]
[PlyCount "115"]
[EventDate "2022.07.04"]
[EventType "swiss"]
[EventRounds "9"]
[EventCountry "ESP"]
[SourceTitle "EXT 2023"]
[Source "ChessBase"]
[SourceDate "2022.10.05"]
[SourceVersion "1"]
[SourceVersionDate "2022.10.05"]
[SourceQuality "1"]

1. d4 d5 2. Nf3 Nf6 3. e3 Bf5 4. Bd3 Bxd3 5. cxd3 c6 6. Nc3 Nbd7 7. 0-0 e6 8. Qe2 Bd6 9. Re1 0-0 10. e4 e5 11. dxe5 Nxe5 12. Nxe5 Bxe5 13. exd5 Bxc3 14. bxc3 Re8 15. Qd2 Rxe1+ 16. Qxe1 Qxd5 17. Qd2 Re8 18. c4 Qe5 19. Bb2 Qe6 20. h3 Qe2 21. Qxe2 Rxe2 22. Bxf6 gxf6 23. a4 Rd2 24. Ra3 Rd1+ 25. Kh2 Kg7 26. Kg3 b6 27. Kf3 c5 28. Ke2 Rg1 29. g3 Rh1 30. h4 Rb1 31. Kf3 Rb4 32. Ke4 Rb2 33. f3 Rg2 34. g4 Rh2 35. h5 Re2+ 36. Kd5 Re3 37. a5 bxa5 38. Kxc5 Rxf3 39. Rxa5 Rxd3 40. Rxa7 Rd8 41. Rc7 Re8 42. Kb6 Re6+ 43. Kb7 Kf8 44. c5 Re5 45. Kb8 f5 46. gxf5 Rxf5 47. c6 Rxh5 48. Rb7 Rc5 49. c7 Kg7 50. c8Q Rxc8+ 51. Kxc8 h5 52. Kd7 f5 53. Ke6+ Kg6 54. Ke5 h4 55. Rb1 h3 56. Rh1 Kg5 57. Rxh3 Kg4 58. Rh8 1-0

[Event "Foment Martinenc op-B 22nd"]
[Site "Barcelona"]
[Date "2022.05.14"]
[Round "4"]
[White "Perez Vidal, Ian"]
[Black "Jimenez Haneda, Naoki"]
[Result "1/2-1/2"]
[WhiteElo "1233"]
[BlackElo "1368"]
[PlyCount "82"]
[EventDate "2022.04.23"]
[EventType "swiss"]
[EventRounds "9"]
[EventCountry "ESP"]
[SourceTitle "EXT 2023"]
[Source "ChessBase"]
[SourceDate "2022.10.05"]
[SourceVersion "1"]
[SourceVersionDate "2022.10.05"]
[SourceQuality "1"]

1. e4 c6 2. d4 d5 3. Nc3 dxe4 4. Nxe4 Nf6 5. Nxf6+ exf6 6. Nf3 Bd6 7. c3 0-0 8. Bd3 Re8+ 9. Be3 Nd7 10. Qc2 Nf8 11. 0-0 Ng6 12. Rad1 Be6 13. c4 Qd7 14. d5 cxd5 15. cxd5 Bg4 16. Qe2 Ne5 17. Bb5 Nxf3+ 18. gxf3 Bxf3 19. Bxd7 Bxe2 20. Bxe8 Bxd1 21. Bxf7+ Kxf7 22. Rxd1 Rc8 23. Bxa7 Rc2 24. Bd4 Be5 25. Bxe5 fxe5 26. Re1 Kf6 27. Kf1 Rxb2 28. d6 Rxa2 29. Rb1 Ra7 30. Rb6 Ke6 31. Kg2 Ra6 32. Rxb7 Rxd6 33. Rxg7 Rd7 34. Rxd7 Kxd7 35. Kg3 Kd6 36. f3 Kd5 37. Kg4 Kd4 38. h4 e4 39. fxe4 Kxe4 40. Kg5 Ke5 41. h5 h6+ 1/2-1/2